A study on Conceptual Metaphors in English and Vietnamese Political Speeches /

Wedi'i Gadw mewn:
Manylion Llyfryddiaeth
Prif Awdur: Hoàng ,Thiên Trang
Fformat: Llyfr
Iaith:English
Cyhoeddwyd: DHNN, 2014.
Pynciau:
Tagiau: Ychwanegu Tag
Dim Tagiau, Byddwch y cyntaf i dagio'r cofnod hwn!
Thư viện lưu trữ: Mạng thư viện Đại học Đà Nẵng
LEADER 01195nam a22003371a 4500
001 000041290
003 17590
005 20230313101604.0
008 170424s2014 vm 000 eng
040 |a LNN 
041 |a eng 
082 |a 425  |b HO-T 
100 |a Hoàng ,Thiên Trang 
245 2 |a A study on Conceptual Metaphors in English and Vietnamese Political Speeches /  |c Hoàng Thiên Trang. 
260 |a DHNN,  |c 2014. 
300 |a 66tr . : ill ; 30cm. 
650 |a Conceptual Metaphors in English, Conceptual Metaphors in English and Vietnamese Political Speeches. 
852 |b P.Doc  |c Luận văn sinh viên 
OWN |a LNN 
AVA |a UDN50  |b LNN  |c English  |d 425 HO-T  |e available  |t Error 5001 Not defined in file expand_doc_bib_avail.  |f 1  |g 0  |h N  |i 0  |j AN  |k 1 
999 |a From the UDN01 
AVA |a UDN50  |b LNN  |c English  |d 425 HO-T  |e available  |t Error 5001 Not defined in file expand_doc_bib_avail.  |f 1  |g 0  |h N  |i 0  |j AN  |k 1 
TYP |a Monograph 
TYP |a Printed language 
980 |a Mạng thư viện Đại học Đà Nẵng